000 00842nam a2200229Ia 4500
003 GCL
008 140319s9999 xx 000 0 ara d
040 _aGCL /
_cGCL
082 0 4 _a920
_bو ا
100 1 _aوزارة الثقافة
245 1 0 _aاحتفالابجوائز الدولة التقديرية والتشجيعية للفنون والاداب والعلوم الاجتماعية:مصر تكرم ابنائها المبدعين 1989-1958 /
_cوزارة الثقافة
260 _a[S.N] :
_bوزارة الثقافة ،
_c1989
300 _a159 ص
490 _a
650 0 4 _aمصر
650 0 4 _aالعلوم الاجتماعية
650 0 4 _aالادب
650 0 4 _aالاداب
650 0 4 _aجوائز الدولة التقديرية
650 0 4 _aجوائز الدولة التشجيعية
942 _2ddc
_cBK
999 _c30842
_d30842